平成に消滅・改称した岐阜県の市町村 - Statistics

General Stats
  • This quiz has been taken 31 times
  • The average score is 48 of 67
Answer Stats
変更年月日 変更内容 回答 変更後の市町村 % Correct
2003.05/01 新設合併 穂積町 瑞穂市
95%
2004.02/01 新設合併 古川町 飛騨市
90%
2004.02/01 新設合併 神岡町 飛騨市
90%
2004.03/01 新設合併 白鳥町 郡上市
90%
2004.03/01 新設合併 金山町 下呂市
90%
2004.03/01 新設合併 八幡町 郡上市
85%
2004.03/01 新設合併 下呂町 下呂市
85%
2004.11/01 編入合併 川島町 各務原市
85%
2005.01/31 新設合併 谷汲村 揖斐川町
85%
2005.02/01 編入合併 清見村 高山市
85%
2006.03/27 編入合併 墨俣町 大垣市
85%
2003.04/01 新設合併 高富町 山県市
80%
2003.05/01 新設合併 巣南町 瑞穂市
80%
2004.02/01 新設合併 本巣町 本巣市
80%
2004.02/01 新設合併 糸貫町 本巣市
80%
2004.02/01 新設合併 根尾村 本巣市
80%
2004.03/01 新設合併 大和町 郡上市
80%
2004.03/01 新設合併 高鷲村 郡上市
80%
2004.03/01 新設合併 明宝村 郡上市
80%
2004.10/25 新設合併 明智町 恵那市
80%
2005.03/28 新設合併 南濃町 海津市
80%
2003.04/01 新設合併 美山町 山県市
75%
2004.02/01 新設合併 河合村 飛騨市
75%
2004.02/01 新設合併 真正町 本巣市
75%
2004.03/01 新設合併 美並村 郡上市
75%
2004.03/01 新設合併 萩原町 下呂市
75%
2005.01/31 新設合併 揖斐川町 揖斐川町
75%
2005.01/31 新設合併 藤橋村 揖斐川町
75%
2005.02/01 編入合併 荘川村 高山市
75%
2005.02/01 編入合併 国府町 高山市
75%
2005.03/28 新設合併 海津町 海津市
75%
2005.05/01 編入合併 兼山町 可児市
75%
2006.03/27 編入合併 上石津町 大垣市
75%
1992.04/01 村名改称 明方村 明宝村
70%
2003.04/01 新設合併 伊自良村 山県市
70%
2004.03/01 新設合併 和良村 郡上市
70%
2004.03/01 新設合併 馬瀬村 下呂市
70%
2004.10/25 新設合併 恵那市 恵那市
70%
2004.10/25 新設合併 岩村町 恵那市
70%
2005.02/01 編入合併 久々野町 高山市
70%
2005.02/13 編入合併 加子母村 中津川市
70%
2005.02/13 編入合併 付知町 中津川市
70%
2005.03/28 新設合併 平田町 海津市
70%
2006.01/01 編入合併 柳津町 岐阜市
70%
2004.02/01 新設合併 宮川村 飛騨市
65%
2004.03/01 新設合併 小坂町 下呂市
65%
2004.10/25 新設合併 上矢作町 恵那市
65%
2005.01/31 新設合併 春日村 揖斐川町
65%
2005.02/01 編入合併 朝日村 高山市
65%
2005.02/01 編入合併 上宝村 高山市
65%
2005.02/07 編入合併 武儀町 関市
65%
2005.02/07 編入合併 上之保村 関市
65%
2006.01/23 編入合併 笠原町 多治見市
65%
2004.10/25 新設合併 山岡町 恵那市
60%
2005.01/31 新設合併 久瀬村 揖斐川町
60%
2005.02/01 編入合併 丹生川村 高山市
60%
2005.02/01 編入合併 宮村 高山市
60%
2005.02/07 編入合併 武芸川町 関市
60%
2005.02/13 編入合併 福岡町 中津川市
60%
2005.02/07 編入合併 洞戸村 関市
55%
2005.02/07 編入合併 板取村 関市
55%
2005.02/13 編入合併 蛭川村 中津川市
55%
2005.01/31 新設合併 坂内村 揖斐川町
50%
2005.02/01 編入合併 高根村 高山市
50%
2005.02/13 編入合併 坂下町 中津川市
50%
2004.10/25 新設合併 串原村 恵那市
45%
2005.02/13 編入合併 川上村 中津川市
45%
No matching quizzes found
Score Distribution
Percent of People with Each Score
Percentile by Number Answered
Your Score History
You have not taken this quiz